00660nam a2200217Ia 4500003000900000008004100009040001300050040001300063041000800076100002100084245005400105250001100159260001100170260000900181300001200190300001000202490002200212942000700234999001700241952018400258IT-RoPAU120407s9999 xx 000 0 und d aIT-RoPAU cIT-RoPAU aita aVittorio Alfieri aTutte le tragedie. Intr. e note di Ada Ruschioni. aMilano aBietti c1974 a1039 p. c19 cm aI classici Bietti cBK c24112d24112 00102ddc406850_20000000000000071aPAULUSbPAULUSd2012-04-11l0o850.2r2012-04-11 00:00:00w2012-04-11yBKzInserito da: Anna In data: n.d. fondo: Via A.Severo 56 Progr:35732